| 000 | 00858nam a2200277 a 4500 | ||
|---|---|---|---|
| 001 | 51244 | ||
| 003 | BD-RjUL | ||
| 005 | 20211209075630.0 | ||
| 008 | 901012m19529999enk 000 0 eng d | ||
| 035 | _a(BD-RjUL)51364 | ||
| 035 | _a2071795 | ||
| 040 |
_aAUC _beng _cBD-RjUL _dBD-RjUL |
||
| 041 | _aeng | ||
| 082 |
_a509 _bSAH 1952 |
||
| 100 | 1 |
_aSarton, George, _d1884-1956. _9151760 |
|
| 245 | 1 | 2 |
_aA history of science : _bAncient science through the Golden Age of greece / _cGeorge Sarton, |
| 260 |
_aCambridge : _bHarvard University Press, _c1952 |
||
| 300 |
_a v. : _billus., maps, facsims. ; _c25 cm. |
||
| 504 | _aIncludes Bibliographical footnotes. | ||
| 505 | 0 | _aV.1-- | |
| 650 | 0 |
_aScience _xHistory. _9153297 |
|
| 650 | 0 |
_aScience, Ancient. _9151763 |
|
| 650 | 0 |
_aCivilization, Ancient. _9151764 |
|
| 942 |
_2ddc _cBK |
||
| 999 |
_c51244 _d51244 |
||